|
|
|
|
| LEADER |
00000naa0a2200000 4500 |
| 001 |
675512 |
| 005 |
20251204071624.0 |
| 090 |
|
|
|a 675512
|
| 100 |
|
|
|a 20241015d2023 k||y0rusy50 ca
|
| 101 |
2 |
|
|a rus
|
| 102 |
|
|
|a RU
|
| 135 |
|
|
|a drcn ---uucaa
|
| 181 |
|
0 |
|a i
|b e
|
| 182 |
|
0 |
|a b
|
| 183 |
|
0 |
|a cr
|2 RDAcarrier
|
| 200 |
1 |
|
|a Анализ режима работы системы накопления энергии в составе ВИЭ
|f Малькова Я. Ю., Уфа Р. А.
|
| 203 |
|
|
|a Текст
|b визуальный
|c электронный
|
| 283 |
|
|
|a online_resource
|2 RDAcarrier
|
| 320 |
|
|
|a Литература: 9 назв.
|
| 330 |
|
|
|a В статье приведено обоснование необходимости включения системы накопления энергии в состав объекта возобновляемой генерации. Показана возможная методика определения оптимального режима работы системы накопления энергии на примере водородного накопителя. Для последнего обоснована необходимость его совместного размещения с традиционными системами накопления энергии — аккумуляторными батареями (литий-ионными, литий-титанатными и др.). Кроме того, приведен анализ снятых данных функционирования аккумуляторных батарей в составе реального энергообъекта — автоматизированного гибридного энергокомплекса, расположенного на территории кампуса карбонового полигона “WayCarbon” ГГНТУ имени акад. М.Д. Миллионщикова
|
| 336 |
|
|
|a Текстовый файл
|
| 463 |
|
1 |
|t Технологическое развитие отраслей ТЭК для достижения углеродной нейтральности экономики России
|o сборник докладов Всероссийской Школы молодых ученых, Москва, 17-18 октября 2023 г.
|v С. 147-151
|c Москва
|d 2023
|n ИНЭИ РАН
|
| 610 |
1 |
|
|a труды учёных ТПУ
|
| 610 |
1 |
|
|a электронный ресурс
|
| 610 |
1 |
|
|a возобновляемые источники энергии
|
| 610 |
1 |
|
|a системы накопления энергии
|
| 610 |
1 |
|
|a водородные накопители
|
| 610 |
1 |
|
|a оптимальный режим работы
|
| 610 |
1 |
|
|a оптимальный состав оборудования
|
| 700 |
|
1 |
|a Малькова
|b Я. Ю.
|c специалист в области электроэнергетики
|c ассистент кафедры Томского политехнического университета
|f 1996-
|g Яна Юрьевна
|y Томск
|9 22758
|
| 701 |
|
1 |
|a Уфа
|b Р. А.
|c специалист в области электроэнергетики
|c доцент Томского политехнического университета, кандидат технических наук
|f 1988-
|g Руслан Александрович
|9 14658
|
| 712 |
0 |
2 |
|a Национальный исследовательский Томский политехнический университет
|c (2009- )
|9 26305
|4 570
|
| 801 |
|
0 |
|a RU
|b 63413507
|c 20241015
|
| 850 |
|
|
|a 63413507
|
| 856 |
4 |
|
|u https://www.elibrary.ru/item.asp?pff=1&id=59106553
|z https://www.elibrary.ru/item.asp?pff=1&id=59106553
|
| 942 |
|
|
|c CF
|